Countries with 2 or more words - NO HINTS - Statistics

General Stats
  • This quiz has been taken 1,186 times
    910 since last reset
  • The average score is 32 of 38
Answer Stats
Answer % Correct
North Korea
97%
South Korea
97%
United Kingdom
96%
United States of America
96%
South Africa
95%
Dominican Republic
94%
South Sudan
94%
United Arab Emirates
93%
Saint Kitts and Nevis
92%
Saint Lucia
91%
Saint Vincent and the Grenadines
91%
Antigua and Barbuda
90%
New Zealand
90%
Trinidad and Tobago
90%
Marshall Islands
88%
Saudi Arabia
87%
Solomon Islands
87%
Democratic Republic of the Congo
86%
Papua New Guinea
86%
Central African Republic
85%
El Salvador
85%
San Marino
85%
Sao Tome and Principe
85%
Bosnia and Herzegovina
84%
Cape Verde
84%
East Timor
83%
Guinea-Bissau
83%
Sri Lanka
83%
Equatorial Guinea
82%
Vatican City
82%
Federated States of Micronesia
81%
Burkina Faso
78%
Costa Rica
78%
Ivory Coast (Côte d’Ivoire)
75%
Sierra Leone
74%
Czech Republic
72%
Republic of the Congo
71%
Macedonia (FYROM)
35%
No matching quizzes found
Score Distribution
Percent of People with Each Score
Percentile by Number Answered
Your Score History
You have not taken this quiz since the last reset